Statistics for Largest Municipalities in BRITISH COLUMBIA by First Letter

Click here to take the quiz!

General Stats

  • This quiz has been taken 62 times
  • The average score is 13 of 25

Answer Stats

Letter/No.PopulationMUNICIPALITY% Correct
V631,486Vancouver
98%
A141,397Abbotsford
92%
B232,755Burnaby
90%
K127,380Kelowna
88%
S517,887Surrey
88%
R198,309Richmond
82%
C139,284Coquitlam
76%
D102,238Delta
76%
N90,504Nanaimo
75%
P74,003Prince George
73%
L117,285Langley
67%
M82,256Maple Ridge
53%
Q9,879Quesnel
53%
W42,473West Vancouver
49%
(1)1,980100 Mile House
41%
H6,181Hope
33%
F20,155Fort St. John
29%
T11,643Terrace
27%
U1,717Ucluelet
25%
E17,655Esquimalt
24%
Z107Zeballos
24%
I3,391Invermere
14%
G4,605Gibsons
8%
O18,094Oak Bay
8%
J0Jumbo Glacier
2%

Score Distribution

Percentile by Number Answered

Percent of People with Each Score

Your Score History

You have not taken this quiz